South African players in Premier League (2000-) - Statistics

General Stats
  • This quiz has been taken 32 times
  • The average score is 4 of 14
Answer Stats
Ranking Player Positions Nationality Matches Goals (assists) Periods Clubs % Correct
1 Steven Pienaar MF 214 21 (32) 2007-2017
81%
4 Benni McCarthy FW 120 37 (6) 2006-2011
67%
9 Lyle Foster MF, FW 24 5 (3) 2023-2024
67%
6 Quinton Fortune MF 76 3 (3) 2000-2004, 2006-2007
48%
7 Lucas Radebe DF 53 0 (0) 2000-2001, 2002-2004
37%
12 Percy Tau MF, FW 3 0 (1) 2020-2021
26%
2 Aaron Mokoena DF, MF 124 0 (2) 2004-2010
22%
5 Mark Fish DF, FW 102 3 (2) 2000-2005
19%
13 Tokelo Rantie FW 3 0 (0) 2015-2016
19%
8 Kagisho Dikgacoi MF 39 0 (0) 2009-2010, 2013-2014
15%
10 Matty Pattison MF 10 0 (0) 2005-2007
11%
11 Mbulelo Mabizela DF, MF 7 1 (0) 2003-2005
11%
3 Shaun Bartlett FW 123 25 (6) 2000-2006
11%
14 Khanya Leshabela MF 1 0 (0) 2020-2021
4%
No matching quizzes found
Score Distribution
Percent of People with Each Score
Percentile by Number Answered
Your Score History
You have not taken this quiz